Statistics for Soccer Players to Country

Click here to take the quiz!

General Stats

  • This quiz has been taken 757 times
  • The average score is 76 of 130

Answer Stats

PlayerCountry% Correct
Theirry HenryFrance
98%
Lionel MessiArgentina
95%
Steven GerrardEngland
93%
Zinedine ZidaneFrance
93%
Rafael van der VaartNetherlands
90%
Phillip LahmGermany
85%
Harry KaneEngland
83%
David de GeaSpain
82%
Robert LewandowskiPoland
81%
Cristiano RonaldoPortugal
81%
RonaldinhoBrazil
80%
Fernando TorresSpain
80%
Zlatan IbrahimovicSweden
80%
Diego MaradonaArgentina
79%
Mohamed SalahEgypt
79%
Wayne RooneyEngland
79%
Gareth BaleWales
79%
Angel Di MariaArgentina
78%
NeymarBrazil
78%
Rickie LambertEngland
78%
Manuel NeuerGermany
78%
PeleBrazil
77%
Luka ModricCroatia
77%
Paul PogbaFrance
77%
Robin van PersieNetherlands
77%
Alexis SanchezChile
76%
Arjen RobbenNetherlands
76%
Edinson CavaniUruguay
76%
Ashley YoungEngland
75%
Bastian SchweinsteigerGermany
75%
Andrea PirloItaly
75%
Paolo MaldiniItaly
75%
Yaya ToureIvory Coast
75%
Sergio BusquetsSpain
75%
David VillaSpain
75%
Luis FigoPortugal
74%
Park Ji-sungSouth Korea
74%
Arda TuranTurkey
74%
James RodriguezColombia
73%
Landon DonovanUnited States
73%
Clint DempseyUnited States
73%
PaulinhoBrazil
72%
Petr CechCzech Republic
72%
Christian EriksenDenmark
72%
John StonesEngland
72%
Paul ScholesEngland
72%
Blaise MatuidiFrance
72%
Ciro ImmobileItaly
71%
Ruud GullitNetherlands
71%
Joao MoutinhoPortugal
71%
Nemanja VidicSerbia
71%
Ryan GiggsWales
71%
Eric CantonaFrance
70%
Gregory van der WielNetherlands
70%
Radamel FalcaoColombia
69%
Danny WelbeckEngland
69%
Lothar MatthausGermany
68%
Shinji KagawaJapan
68%
DecoPortugal
68%
Andriy ShevchenkoUkraine
68%
Thomas VermaelenBelgium
67%
Granit XhakaSwitzerland
66%
Pablo ZabaletaArgentina
65%
Henrikh MkhitaryanArmenia
63%
GervinhoIvory Coast
63%
Ferenc PuskasHungary
62%
Nicolas AnelkaFrance
61%
Wilfried BonyIvory Coast
61%
Lev YashinRussia
61%
Gael ClichyFrance
60%
GarrinchaBrazil
59%
Antonio ValenciaEcuador
59%
Salvatore SiriguItaly
59%
Dimitar BerbatovBulgaria
58%
Moussa SissokoMali
58%
George WeahLiberia
57%
Martin DemichelisArgentina
56%
Phil JagielkaEngland
56%
Burak YilmazTurkey
56%
Enner ValenciaEcuador
54%
Arouna KoneIvory Coast
54%
Gheorghe HagiRomania
54%
Alan DzagoevRussia
52%
Etienne CapoueFrance
51%
Anders LindegaardDenmark
49%
Hugo SanchezMexico
49%
Harry KewellAustralia
48%
Bafetimbi GomisFrance
48%
Ryo MiyaichiJapan
48%
Claudio PizarroPeru
47%
Joel CampbellCosta Rica
46%
Yoann GouffranFrance
46%
Siphiwe TshabalalaSouth Africa
46%
Jonathan WaltersIreland
45%
Djalma SantosBrazil
44%
Kevin DoyleIreland
43%
Adrian MutuRomania
43%
Artyom DzyubaRussia
43%
Benoit Assou-EkottoCameroon
42%
Jay RodriguezEngland
41%
Romain AlessandriniFrance
41%
Dino ZoffItaly
40%
Victor WanyamaKenya
40%
Nwankwo KanuNigeria
39%
Artur BorucPoland
39%
Balazs DzsudzsakHungary
37%
Viktor ElmSweden
37%
Youri DjourkaeffFrance
35%
Jean-Christophe BahebeckFrance
35%
Sulley MuntariGhana
35%
Mladen PetricCroatia
33%
Nikola ZigicSerbia
33%
Bryan OviedoCosta Rica
31%
Ali DaeiIran
31%
Ludovic ObraniakPoland
29%
Sabri SariogluTurkey
28%
Maynor FigueroaHonduras
26%
Niklas MoisanderFinland
25%
Akos BuzsakyHungary
24%
Zhano AnanidzeGeorgia
23%
Cheick DiabateMali
22%
Matthias SindelarAustria
19%
Ciprian MaricaRomania
19%
Dwayne De RosarioCanada
18%
Goran PopovMacedonia
18%
Lomana LuaLuaCongo
17%
Enzo FrancescoliUruguay
17%
Nurbol ZhumaskaliyevKazakhstan
16%
Mordechai SpieglerIsrael
14%
Aurelien JoachimLuxembourg
12%

Score Distribution

Percentile by Number Answered

Percent of People with Each Score

Your Score History

You have not taken this quiz